Groundwater management : the use of numerical models

Αποθηκεύτηκε σε:
Λεπτομέρειες βιβλιογραφικής εγγραφής
Μορφή: Βιβλίο
Γλώσσα:English
Δημοσίευση: Washington : American Geophysical Union, c1985
Έκδοση:2nd ed.
Σειρά:Water resources monograph ; ; 5
Θέματα:
Ετικέτες: Προσθήκη ετικέτας
Δεν υπάρχουν, Καταχωρήστε ετικέτα πρώτοι!

MARC

LEADER 00000nam a2200000 i 4500
001 1/64566
008 931001s eng d
020 |a 0-87590-314-2 
035 |a ΛΕΣΒΟΣb10001408  |l 10001408 
040 |a GR-MY-UA  |b gre  |e aacr 
041 0 |a eng 
082 0 |a 333.9104072 
245 1 0 |a Groundwater management :  |b the use of numerical models /  |c Paul van der Heijde ... [κ.ά.] 
250 |a 2nd ed. 
260 |a Washington :   |b American Geophysical Union,   |c c1985 
300 |a x, 180 σ.;  |b εικ.;  |c 23 εκ. 
490 1 |a Water resources monograph  |v ; 5 
504 |a Βιβλιογραφία: σ. 137-164 
650 0 0 |a Groundwater  |x Mathematical models. 
830 0 |a Water resources monograph ;  |v ; 5 
852 |a INST  |b LESVOS  |e 19931001  |h 333.9104072 GRO  |p 005100004302  |q 005100004302  |t BK  |y 0 
909 |a Λ  |b 027587